[Event "Xtracon Chess Open 2019"]
[Site "Helsingor DEN"]
[Date "2019.07.21"]
[Round "3.111"]
[White "Cramling Bellon, Anna"]
[Black "Khoo-Thwe, Louis"]
[Result "1-0"]
[WhiteTitle "WFM"]
[WhiteElo "2030"]
[BlackElo "1746"]
[WhiteFideId "32009232"]
[BlackFideId "1538756"]
[EventDate "2019.07.20"]

1. d4 Nf6 2. c4 e6 3. Nc3 Bb4 4. Qc2 d5 5. cxd5 exd5 6. Bg5 O-O 7. e3 Nc6 8. Bd3
h6 9. Bh4 Re8 10. Ne2 Bxc3+ 11. bxc3 Be6 12. O-O b6 13. f3 g5 14. Bf2 Na5 15. e4
Rc8 16. e5 Nh5 17. Qd2 f5 18. exf6 Qxf6 19. Bg3 Bf5 20. Be5 Qg6 21. Bxf5 Qxf5
22. g4 Nc4 23. Qe1 Qd3 24. Nc1 Qe3+ 25. Qxe3 Nxe3 26. gxh5 Nxf1 27. Kxf1 c5 28.
Nd3 Rf8 29. Kg2 Rf5 30. Re1 Rcf8 31. Re3 Re8 32. Nf2 Re6 33. Ng4 Kf7 34. Bh8 a6
35. Rxe6 Kxe6 36. Nxh6 Rf8 37. Be5 b5 38. Ng4 b4 39. dxc5 a5 40. h6 Rf7 41. cxb4
axb4 42. Bg7 Ra7 43. h7 Rxa2+ 44. Kg3 Ra8 45. h8=Q Rxh8 46. Bxh8 Kd7 47. Bd4 Ke6
48. Ne5 Kf5 49. c6 Ke6 50. Kg4 b3 51. Kxg5 b2 52. Bxb2 Kd6 53. Bd4 Kc7 54. h4
Kd6 55. h5 Ke7 56. c7 Kf8 57. c8=Q+ Kg7 58. Qd7+ Kh8 59. Ng4+ 1-0

[Event "Xtracon Chess Open 2019"]
[Site "Helsingor DEN"]
[Date "2019.07.21"]
[Round "3.112"]
[White "Fuchs, Jochen"]
[Black "Jensen, Morten Frank"]
[Result "0-1"]
[WhiteElo "1742"]
[BlackElo "2029"]
[WhiteFideId "16243943"]
[BlackFideId "1407325"]
[EventDate "2019.07.20"]

1. Nf3 g6 2. d4 Bg7 3. b4 b6 4. e3 c5 5. a3 Bb7 6. Be2 Nf6 7. O-O O-O 8. Bb2
cxd4 9. exd4 d5 10. c4 dxc4 11. Bxc4 Nd5 12. Qb3 Na6 13. Nbd2 Nac7 14. a4 Qd6
15. b5 Rfd8 16. Ba3 Qf4 17. Rae1 e6 18. Re4 Qf6 19. g3 Bh6 20. Rh4 Bf8 21. Bxf8
Rxf8 22. Ne4 Qe7 23. Ne5 f6 24. Nc6 Qd7 25. Nb4 g5 26. Bxd5 Nxd5 27. Rh5 Nxb4
28. Nxf6+ Rxf6 29. Rxg5+ Rg6 30. Rxg6+ hxg6 31. Qxb4 Qd5 32. f3 Rd8 33. Qe7 Rd7
34. Qe8+ Kg7 35. Rd1 Rf7 36. Rd3 Rxf3 37. Rxf3 Qxf3 38. Qe7+ Qf7 39. Qxf7+ Kxf7
40. Kf2 Bd5 0-1

[Event "Xtracon Chess Open 2019"]
[Site "Helsingor DEN"]
[Date "2019.07.21"]
[Round "3.113"]
[White "Buttkus, Andre"]
[Black "Poulsen, Knud"]
[Result "1-0"]
[WhiteElo "2024"]
[BlackElo "1743"]
[WhiteFideId "24695882"]
[BlackFideId "1422324"]
[EventDate "2019.07.20"]

1. d4 Nf6 2. Nf3 e6 3. e3 Bb4+ 4. c3 Be7 5. Bd3 d5 6. Nbd2 Nbd7 7. O-O O-O 8. e4
dxe4 9. Nxe4 Nxe4 10. Bxe4 f5 11. Bc2 Re8 12. Re1 Nf8 13. Bb3 c6 14. Qc2 g6 15.
Bh6 Bf6 16. Rad1 Bg7 17. Qc1 Kh8 18. Ne5 Qe7 19. Rd3 Bxh6 20. Qxh6 Qg7 21. Qf4
g5 22. Qxg5 Qxg5 23. Nf7+ Kg7 24. Nxg5 Kf6 25. Nf3 Ng6 26. Rde3 Re7 27. g3 a5
28. Ne5 Nf8 29. a3 Ra6 30. Bc2 Rg7 31. Nc4 Bd7 32. Ne5 Be8 33. Nd3 b6 34. Nf4
Bf7 35. Bb3 c5 36. Bxe6 cxd4 37. cxd4 b5 38. Bxf7 Rxf7 39. Re5 b4 40. axb4 axb4
41. Rb5 Rd7 42. Ree5 Kg7 43. Rxb4 Rad6 44. Rxf5 Rxd4 45. Rxd4 Rxd4 46. Rb5 Rd6
47. Kg2 Nd7 48. Rd5 1-0

[Event "Xtracon Chess Open 2019"]
[Site "Helsingor DEN"]
[Date "2019.07.21"]
[Round "3.114"]
[White "Bremer, Erik"]
[Black "Wiberg, Jonas"]
[Result "0-1"]
[WhiteElo "1444"]
[BlackElo "1700"]
[WhiteFideId "1411578"]
[BlackFideId "1720090"]
[EventDate "2019.07.20"]

1. e4 c6 2. d4 d5 3. Nc3 dxe4 4. Nxe4 Bf5 5. Ng3 Bg6 6. Nf3 Nd7 7. Bd3 e6 8. h4
Bxd3 9. Qxd3 Ngf6 10. c4 Qc7 11. Bd2 h6 12. Bc3 O-O-O 13. Qc2 Bd6 14. Ne2 Rhe8
15. O-O-O Ng4 16. Rhf1 Ngf6 17. g3 c5 18. Nd2 Qc6 19. b3 b6 20. Bb2 Qb7 21. Rfe1
cxd4 22. Nxd4 Bc5 23. Nb5 a6 24. Nd4 Bb4 25. Re2 Bc5 26. a3 Kb8 27. Kb1 Ka8 28.
Ka2 Nb8 29. Nf1 Rd7 30. b4 Bf8 31. Nd2 Red8 32. N2b3 Qc7 33. Ree1 Rc8 34. Nd2 b5
35. c5 Nd5 36. N2f3 Qd8 37. Ne5 Rdc7 38. Ng4 Nd7 39. Nf3 N7b6 40. Qe4 Na4 41.
Ba1 Ka7 42. Rc1 a5 43. Nd4 Ka6 44. Qe2 Rb7 45. Ne5 axb4 46. Nec6 Nac3+ 47. Rxc3
Nxc3+ 48. Bxc3 Qd5+ 49. Kb1 Rxc6 50. Qxb5+ Rxb5 0-1

[Event "Xtracon Chess Open 2019"]
[Site "Helsingor DEN"]
[Date "2019.07.21"]
[Round "3.115"]
[White "Norevall, Ulf"]
[Black "Meurman, Arne"]
[Result "0-1"]
[WhiteElo "1739"]
[BlackElo "2014"]
[WhiteFideId "1705555"]
[BlackFideId "1704923"]
[EventDate "2019.07.20"]

1. d4 Nf6 2. c4 g6 3. f3 Bg7 4. e4 d6 5. Nc3 O-O 6. Be3 Nc6 7. Qd2 a6 8. Rd1 Rb8
9. Bh6 e5 10. Bxg7 Kxg7 11. d5 Nd4 12. Nge2 Nxe2 13. Bxe2 Nh5 14. g3 f5 15. f4
Nxf4 16. Bf3 Nh3 17. Qg2 Ng5 18. h4 Nxf3+ 19. Qxf3 fxe4 20. Qxe4 Qf6 21. Rd2 h5
22. Qe3 Bg4 23. Ne4 Qf3 0-1

[Event "Xtracon Chess Open 2019"]
[Site "Helsingor DEN"]
[Date "2019.07.21"]
[Round "3.116"]
[White "Christiansen, Arne"]
[Black "Christiansen, Torsten Sundgaar"]
[Result "1-0"]
[WhiteElo "2011"]
[BlackElo "1742"]
[WhiteFideId "1402013"]
[BlackFideId "1419714"]
[EventDate "2019.07.20"]

1. d4 g6 2. Nf3 Nf6 3. c4 d5 4. Nc3 c6 5. e3 Bg7 6. Bd3 O-O 7. O-O Nbd7 8. Qe2
dxc4 9. Bxc4 Nb6 10. Bb3 a5 11. a3 Bg4 12. h3 Bxf3 13. Qxf3 Qd6 14. Rd1 e5 15.
dxe5 Qxe5 16. e4 Rad8 17. Bf4 Rxd1+ 18. Rxd1 Qc5 19. Be3 1-0

[Event "Xtracon Chess Open 2019"]
[Site "Helsingor DEN"]
[Date "2019.07.21"]
[Round "3.117"]
[White "Horslund, Mikael"]
[Black "Lauritsen, Niels"]
[Result "0-1"]
[WhiteElo "1716"]
[BlackElo "2011"]
[WhiteFideId "1421042"]
[BlackFideId "1404474"]
[EventDate "2019.07.20"]

1. d4 Nc6 2. Nf3 d6 3. g3 Bg4 4. Bg2 e5 5. dxe5 dxe5 6. Qxd8+ Rxd8 7. c3 f6 8.
O-O Bc5 9. Nbd2 Nge7 10. h3 Be6 11. b4 Bb6 12. Bb2 Nf5 13. Ne4 Kf7 14. a3 Rd7
15. Rfd1 Rhd8 16. Rxd7+ Rxd7 17. Nfd2 Nxg3 18. Nxg3 Rxd2 19. c4 Bxc4 20. Bc3 Rc2
21. Be1 Ra2 22. Rxa2 Bxa2 23. b5 Nd8 24. Bb4 a6 25. bxa6 bxa6 26. Ne4 Ne6 27. e3
Bc4 28. Nd2 Ba2 29. Bc6 Nd8 30. Ba4 Ke6 31. Nb3 Nb7 32. e4 Nd6 33. Nc1 Bc4 34.
Bc6 g6 35. Kg2 f5 36. f3 Be3 0-1

[Event "Xtracon Chess Open 2019"]
[Site "Helsingor DEN"]
[Date "2019.07.21"]
[Round "3.118"]
[White "Andersen, Kim Nyvang"]
[Black "Munksgaard, Bo"]
[Result "1-0"]
[WhiteElo "2008"]
[BlackElo "1740"]
[WhiteFideId "1415743"]
[BlackFideId "1407473"]
[EventDate "2019.07.20"]

1. d4 Nf6 2. c4 g6 3. Nc3 Bg7 4. e4 d6 5. Nge2 e5 6. f3 Nc6 7. d5 Ne7 8. Be3 c6
9. Qd2 h6 10. g4 cxd5 11. cxd5 a6 12. a4 Qa5 13. Nc1 Bxg4 14. fxg4 Nxg4 15. b4
Qc7 16. b5 Nxe3 17. Qxe3 Rc8 18. N1a2 a5 19. b6 Qc5 20. Qxc5 Rxc5 21. Nb5 Kd7
22. Bh3+ f5 23. O-O Rf8 24. Rac1 Rfc8 25. Nc7 Rxc1 26. Nxc1 h5 27. Nb3 Bh6 28.
Rf3 Bf4 29. Nxa5 g5 30. Bf1 Rxc7 31. Bb5+ Kc8 32. bxc7 Kxc7 33. Rc3+ Kd8 34.
Nxb7# 1-0

[Event "Xtracon Chess Open 2019"]
[Site "Helsingor DEN"]
[Date "2019.07.21"]
[Round "3.119"]
[White "Philipsen, William Horup"]
[Black "Hamalainen, Joel"]
[Result "1-0"]
[WhiteElo "2001"]
[BlackElo "1736"]
[WhiteFideId "1408470"]
[BlackFideId "516660"]
[EventDate "2019.07.20"]

1. e4 d5 2. d4 c6 3. e5 Bf5 4. h4 h6 5. g4 Bh7 6. Bd3 Bxd3 7. Qxd3 e6 8. Nc3 Nd7
9. Nf3 Bb4 10. g5 Qa5 11. g6 O-O-O 12. Bd2 Ne7 13. h5 fxg6 14. hxg6 Nf5 15. a3
c5 16. O-O-O c4 17. Qe2 Bxc3 18. Bxc3 Qa6 19. Nh4 Ne7 20. Bb4 Nc6 21. Bd6 Rde8
22. Rh3 Nd8 23. Rf3 b5 24. Rf7 Rhg8 25. f4 Nb7 26. Be7 c3 27. Rd3 cxb2+ 28. Kxb2
Nb6 29. f5 Nc4+ 30. Kc1 Rxe7 31. Rxe7 Nxa3 32. Rxe6 Qa4 33. Rc6+ Kb8 34. e6 b4
35. Qe5+ Ka8 36. Qc7 Na5 37. Rc5 N3c4 38. Rxa5 Nxa5 39. e7 Rb8 40. Qd8 Qa1+ 41.
Kd2 Nc4+ 42. Ke2 Qh1 43. Qxb8+ Kxb8 44. e8=Q+ Kb7 45. Qb5+ Kc7 46. Qc5+ Kd8 47.
Qf8+ Kc7 48. Qxg7+ Kb6 49. Qxh6 Qh2+ 50. Kf3 Qxc2 51. g7+ Kb5 52. Re3 Qd1+ 53.
Kg3 Nd2 54. Qf4 Qg1+ 55. Ng2 Nf1+ 56. Qxf1+ Qxf1 57. g8=Q Qxf5 58. Nf4 Kc4 59.
Re5 Qb1 60. Qxd5+ 1-0

[Event "Xtracon Chess Open 2019"]
[Site "Helsingor DEN"]
[Date "2019.07.21"]
[Round "3.120"]
[White "Jensen, Torben W."]
[Black "Bering, Anders"]
[Result "0-1"]
[WhiteElo "1693"]
[BlackElo "1999"]
[WhiteFideId "1515942"]
[BlackFideId "1405810"]
[EventDate "2019.07.20"]

1. d4 Nf6 2. Nf3 d5 3. c4 e6 4. Nc3 dxc4 5. e4 Bb4 6. Qc2 c5 7. dxc5 Qa5 8. Bd2
Qxc5 9. a3 Bxc3 10. Bxc3 Nc6 11. h3 b5 12. Bxf6 gxf6 13. b4 Qe7 14. Qc3 a5 15.
Rb1 axb4 16. axb4 Ra4 17. Nd2 O-O 18. g4 Rd8 19. Be2 Bb7 20. g5 fxg5 21. Rg1 f6
22. f4 Rxb4 23. fxg5 Rxb1+ 24. Nxb1 f5 25. g6 h6 26. Qe3 Qb4+ 27. Kf1 Nd4 28.
Bg4 Bxe4 29. Nd2 Nc2 0-1

[Event "Xtracon Chess Open 2019"]
[Site "Helsingor DEN"]
[Date "2019.07.21"]
[Round "3.121"]
[White "Kakulidis, Ellen"]
[Black "Gottschalck, Christian"]
[Result "1-0"]
[WhiteTitle "WCM"]
[WhiteElo "1998"]
[BlackElo "1684"]
[WhiteFideId "1444972"]
[BlackFideId "1428357"]
[EventDate "2019.07.20"]

1. d4 d5 2. Nf3 Nc6 3. Bf4 Bf5 4. e3 a6 5. Be2 e6 6. O-O Bd6 7. c3 Bxf4 8. exf4
Nge7 9. Nbd2 Ng6 10. g3 Bh3 11. Re1 h6 12. Nf1 Qf6 13. Ne3 Nce7 14. Ne5 Nxe5 15.
dxe5 Qg6 16. Bh5 Qh7 17. Bxf7+ Kxf7 18. Qh5+ Qg6 19. Qxh3 h5 20. Rad1 h4 21. Qg4
Qxg4 22. Nxg4 hxg3 23. fxg3 Nf5 24. Nf2 Rh7 25. Nd3 Rah8 26. Rd2 b6 27. Nb4 a5
28. Nc6 Nxg3 29. hxg3 Rh1+ 30. Kf2 R8h2+ 31. Kf3 Rxd2 32. Rxh1 Rxb2 33. Rc1 Rxa2
34. g4 Ra4 35. Nd4 Rc4 36. f5 exf5 37. gxf5 a4 38. Nb5 Ke7 39. Na3 Rc5 40. Ke3
c6 41. Kd4 Ra5 42. Rg1 Kf8 43. Rg6 Rc5 44. Rd6 Ke7 45. Re6+ Kf7 46. Rg6 Kf8 47.
Rg1 Ra5 48. Rb1 Ra6 49. e6 Ke7 50. Ke5 b5 51. Rg1 Kf8 52. Kd6 d4 53. e7+ 1-0

[Event "Xtracon Chess Open 2019"]
[Site "Helsingor DEN"]
[Date "2019.07.21"]
[Round "3.122"]
[White "Hina, Ariza"]
[Black "Digernes, Magnus"]
[Result "0-1"]
[WhiteElo "1651"]
[BlackElo "1997"]
[WhiteFideId "1525441"]
[BlackFideId "1514873"]
[EventDate "2019.07.20"]

1. e4 c5 2. Nc3 a6 3. f4 b5 4. Nf3 Bb7 5. d3 e6 6. Be2 d5 7. O-O Nf6 8. e5 Nfd7
9. d4 Nc6 10. Be3 cxd4 11. Nxd4 Bc5 12. Bf2 Qb6 13. Nxc6 Qxc6 14. Bd3 f5 15. Be2
b4 16. Nb1 O-O 17. Nd2 Bxf2+ 18. Rxf2 Rfc8 19. Bd3 Nc5 20. Nf3 Ne4 21. Re2 Qb6+
22. Kf1 a5 23. Ke1 Rd8 24. g3 a4 25. Rg2 a3 26. b3 d4 27. Qe2 Qc6 28. Bxe4 Qc3+ 0-1

[Event "Xtracon Chess Open 2019"]
[Site "Helsingor DEN"]
[Date "2019.07.21"]
[Round "3.123"]
[White "Stray, Gunnar"]
[Black "Hojgaard, Brandur"]
[Result "1-0"]
[WhiteElo "1996"]
[BlackElo "1683"]
[WhiteFideId "1501631"]
[BlackFideId "7201478"]
[EventDate "2019.07.20"]

1. d4 Nf6 2. Nf3 e6 3. e3 d5 4. Bd3 Bd6 5. O-O Nbd7 6. Nbd2 O-O 7. b3 Qe7 8. Bb2
e5 9. e4 dxe4 10. Nxe4 Nxe4 11. Bxe4 Nf6 12. dxe5 Nxe4 13. Qd4 f5 14. exd6 cxd6
15. Rad1 Be6 16. c4 b6 17. Nd2 Nf6 18. Rfe1 Qd7 19. Nf3 Rad8 20. Ng5 Rfe8 21.
Qh4 h6 22. Bxf6 gxf6 23. Nxe6 Rxe6 24. Qxh6 Rde8 25. Rxe6 Qxe6 26. h3 Re7 27.
Qd2 Kg7 28. Qxd6 Qe2 29. Qd2 Qe5 30. Qe3 Qc7 31. Qg3+ 1-0

[Event "Xtracon Chess Open 2019"]
[Site "Helsingor DEN"]
[Date "2019.07.21"]
[Round "3.124"]
[White "Glibstrup, Jakob"]
[Black "Jorgensen, Orla Eilegaard"]
[Result "1-0"]
[WhiteElo "1993"]
[BlackElo "1614"]
[WhiteFideId "1416146"]
[BlackFideId "1413368"]
[EventDate "2019.07.20"]

1. e4 c5 2. Nf3 a6 3. d4 cxd4 4. Nxd4 Nf6 5. Nc3 d6 6. f3 Nc6 7. Be3 e5 8. Nb3
Be7 9. Qd2 b5 10. O-O-O Be6 11. g4 h6 12. Nd5 Bxd5 13. exd5 Nb8 14. h4 Nbd7 15.
Na5 Nb6 16. Nc6 Qc7 17. Nxe7 Kxe7 18. Bxb6 Qxb6 19. Qe2 g5 20. Qd2 Rag8 21. hxg5
Rxg5 22. Rxh6 Rhg8 23. Re1 Qc7 24. f4 Rxg4 25. fxe5 dxe5 26. d6+ Qxd6 27. Qxd6+
Kxd6 28. Rxf6+ Ke7 29. Rxa6 f6 30. Bxb5 Rg2 31. Bd3 R8g4 32. a4 Rb4 33. b3 Rgg4
34. Bc4 e4 35. Rh1 Rg7 36. Ra7+ Kf8 37. Rh8+ 1-0

[Event "Xtracon Chess Open 2019"]
[Site "Helsingor DEN"]
[Date "2019.07.21"]
[Round "3.125"]
[White "Andersson, Lars"]
[Black "Zheng, Harry Z"]
[Result "1-0"]
[WhiteElo "1990"]
[BlackElo "1597"]
[WhiteFideId "1706772"]
[BlackFideId "460982"]
[EventDate "2019.07.20"]

1. d4 Nf6 2. Bf4 e6 3. e3 d5 4. Nf3 c5 5. c3 Bd6 6. Bg3 O-O 7. Nbd2 Qc7 8. Ne5
Nc6 9. f4 Ne7 10. Bd3 c4 11. Bc2 b5 12. a3 Bb7 13. O-O a5 14. Qf3 Ba6 15. Bh4
Ne8 16. Qh3 g6 17. Ng4 f5 18. Nh6+ Kh8 19. Nf3 Ng8 20. Bg5 b4 21. axb4 axb4 22.
Ne5 Bxe5 23. fxe5 bxc3 24. bxc3 Nxh6 25. Bxh6 Rf7 26. Qh4 Bb7 27. Rxa8 Bxa8 28.
Ra1 Bc6 29. Qe1 Qb8 30. Ra6 Qb5 31. Qa1 Rb7 32. Qa3 Rf7 33. Ra7 Bb7 34. Qa4 Qd7
35. Qxd7 Rxd7 36. Ba4 Re7 37. Bxe8 Rxe8 38. Rxb7 Kg8 39. Kf2 Ra8 40. Rg7+ Kh8
41. Re7 Kg8 42. Rxe6 Ra3 43. Rf6 Ra8 44. e6 f4 45. e7 fxe3+ 46. Kxe3 Re8 47.
Rf8+ Rxf8 48. exf8=Q# 1-0

[Event "Xtracon Chess Open 2019"]
[Site "Helsingor DEN"]
[Date "2019.07.21"]
[Round "3.126"]
[White "Yilmaz, Kazim"]
[Black "Magnussen, Pal"]
[Result "0-1"]
[WhiteElo "1647"]
[BlackElo "1985"]
[WhiteFideId "1514326"]
[BlackFideId "1711814"]
[EventDate "2019.07.20"]

1. e4 e5 2. Nf3 Nc6 3. Bc4 Bc5 4. Nc3 Nf6 5. d3 h6 6. O-O d6 7. h3 a6 8. Be3
Bxe3 9. fxe3 Na5 10. Bb3 Nxb3 11. axb3 Be6 12. d4 exd4 13. exd4 O-O 14. e5 dxe5
15. dxe5 Nd7 16. Re1 Qe7 17. Kh1 Nb6 18. Qe2 Rad8 19. Rad1 Rxd1 20. Rxd1 Rd8 21.
Rxd8+ Qxd8 22. Qd2 Qe7 23. Qd4 Bf5 24. Nd5 Nxd5 25. Qxd5 Bxc2 26. Qxb7 Qc5 27.
Qxa6 Bxb3 28. Qe2 Bd5 29. Kh2 c6 30. Kh1 Qc1+ 31. Kh2 Qf4+ 32. Kh1 Kf8 33. Qd2
Qxd2 34. Nxd2 Ke7 35. Kg1 Ke6 36. Kf2 Kxe5 37. g3 Kd4 38. Ke2 c5 39. Nb1 Be6 40.
h4 Bg4+ 41. Kf2 Kd3 42. Nc3 c4 43. Nd5 Be6 44. Ne3 Kd2 45. g4 Kc1 46. g5 hxg5
47. hxg5 g6 48. Ke2 Kxb2 49. Nd1+ Kc2 50. Ne3+ Kc1 51. Ng2 c3 52. Kd3 c2 53. Ne3
Bf5+ 54. Kc3 Kb1 55. Nxc2 Bxc2 56. Kd4 Kb2 57. Ke5 Kc3 58. Kf6 Kd4 0-1

[Event "Xtracon Chess Open 2019"]
[Site "Helsingor DEN"]
[Date "2019.07.21"]
[Round "3.127"]
[White "Iskos, Lukas"]
[Black "Zemlicka, Vit"]
[Result "1-0"]
[WhiteElo "1622"]
[BlackElo "1982"]
[WhiteFideId "1461613"]
[BlackFideId "303143"]
[EventDate "2019.07.20"]

1. e4 g6 2. d4 Bg7 3. Bc4 d6 4. Nc3 Nf6 5. Qe2 Nc6 6. Nf3 e5 7. dxe5 dxe5 8. Bg5
Bg4 9. Rd1 Qc8 10. Nd5 Nd7 11. h3 Bxf3 12. Qxf3 O-O 13. Ne7+ Nxe7 14. Bxe7 Nb6
15. Bxf8 Nxc4 16. Bxg7 Kxg7 17. Qc3 Qe6 18. O-O Rc8 19. Rd5 c6 20. Rc5 b5 21. b3
Qd6 22. b4 f6 23. Qd3 Qe6 24. Rd1 Rc7 25. Qd8 Qf7 26. Rxc6 Rxc6 27. Rd7 Nd6 28.
Rxf7+ Nxf7 29. Qd7 Rxc2 30. Qxa7 Rc4 31. a3 Rxe4 32. Qb7 Re1+ 33. Kh2 Ra1 34.
Qxb5 Rxa3 35. Qd7 Rb3 36. b5 Kf8 37. Qc8+ Kg7 38. Qc6 1-0

[Event "Xtracon Chess Open 2019"]
[Site "Helsingor DEN"]
[Date "2019.07.21"]
[Round "3.128"]
[White "Skjoldager, Flemming"]
[Black "Lye, Sigurd"]
[Result "0-1"]
[WhiteElo "1972"]
[BlackElo "1593"]
[WhiteFideId "1406515"]
[BlackFideId "1539345"]
[EventDate "2019.07.20"]

1. b3 e5 2. Bb2 Nc6 3. e3 d5 4. Bb5 Bd6 5. Nf3 Qe7 6. h3 f5 7. d4 e4 8. Bxc6+
bxc6 9. Ne5 Qg5 10. O-O Ne7 11. f4 exf3 12. Qxf3 Bxe5 13. dxe5 Ng6 14. Nd2 O-O
15. Kh2 Re8 16. Qf2 Ba6 17. Nf3 Qe7 18. Rfd1 Rf8 19. g3 Rad8 20. Rd2 c5 21. Rad1
c6 22. h4 h6 23. Qe1 c4 24. Rf2 cxb3 25. axb3 Bb5 26. Qa5 Qb7 27. Ba3 Rfe8 28.
Bb2 c5 29. Ra1 a6 30. Rd2 d4 31. Ne1 Nxe5 32. exd4 Ng4+ 33. Kg1 Qe4 34. Qc3 cxd4
35. Rxd4 Rxd4 36. Qxd4 Qxe1+ 37. Rxe1 Rxe1+ 38. Kg2 Bc6+ 39. Kh3 Rh1# 0-1

[Event "Xtracon Chess Open 2019"]
[Site "Helsingor DEN"]
[Date "2019.07.21"]
[Round "3.129"]
[White "Carnstam, Tomas"]
[Black "Stromhaug, Kristoffer Wang"]
[Result "1-0"]
[WhiteElo "1967"]
[BlackElo "1566"]
[WhiteFideId "1707221"]
[BlackFideId "1533401"]
[EventDate "2019.07.20"]

1. c4 e6 2. Nf3 Nf6 3. g3 d5 4. cxd5 exd5 5. Bg2 c6 6. O-O Bf5 7. d3 Bd6 8. Nh4
Bg6 9. Bg5 h6 10. Nxg6 fxg6 11. Bd2 h5 12. h4 Qb6 13. Nc3 Ng4 14. Na4 Qc7 15. f3
Bxg3 16. fxg4 hxg4 17. Be1 Bh2+ 18. Kh1 g3 19. e4 Nd7 20. Qg4 Qd6 21. exd5 Ne5
22. Qe6+ Qxe6 23. dxe6 Rxh4 24. Be4 Ke7 25. Bb4+ Kxe6 26. Nc5+ Kd6 27. d4 Ng4
28. Nxb7+ Kc7 29. Rf7+ Kb6 30. Bc5+ Kb5 31. Bd3+ Ka4 32. b3# 1-0

[Event "Xtracon Chess Open 2019"]
[Site "Helsingor DEN"]
[Date "2019.07.21"]
[Round "3.130"]
[White "Digernes, Mikael"]
[Black "Pedersen, Lars Foldager"]
[Result "0-1"]
[WhiteElo "1560"]
[BlackElo "1967"]
[WhiteFideId "1544225"]
[BlackFideId "1417649"]
[EventDate "2019.07.20"]

1. e4 Nf6 2. e5 Nd5 3. d4 d6 4. Nf3 Nc6 5. exd6 exd6 6. Be2 Bf5 7. c3 Be7 8. O-O
Qd7 9. Nbd2 Nf4 10. Nc4 Nxe2+ 11. Qxe2 O-O-O 12. d5 Ne5 13. Ncxe5 dxe5 14. Qxe5
Bf6 15. Qe3 Qxd5 16. Qxa7 Be4 17. Bf4 Bxf3 18. gxf3 Qxf3 19. Qa8+ Kd7 20. Rad1+
Ke6 21. Rfe1+ Kf5 22. Qa5+ Kxf4 23. Qxc7+ Kf5 0-1

[Event "Xtracon Chess Open 2019"]
[Site "Helsingor DEN"]
[Date "2019.07.21"]
[Round "3.131"]
[White "Henningsen, Lasse"]
[Black "Nergard, Ole-Kristian"]
[Result "1/2-1/2"]
[WhiteElo "1963"]
[BlackElo "1505"]
[WhiteFideId "1425315"]
[BlackFideId "1543156"]
[EventDate "2019.07.20"]

1. d4 Nf6 2. c4 c5 3. Nf3 cxd4 4. Nxd4 e5 5. Nb5 d6 6. N1c3 a6 7. Na3 Be7 8. g3
O-O 9. Bg2 Nc6 10. O-O h6 11. Nc2 Be6 12. b3 Rc8 13. Bb2 Qa5 14. Ne3 Nh7 15.
Ncd5 Qd8 16. Ba3 Nd4 17. Nxe7+ Qxe7 18. Nd5 Bxd5 19. Bxd5 Kh8 20. e3 Nc6 21. Qd2
f5 22. f4 e4 23. Rfd1 Rf6 24. Kh1 Nf8 25. g4 fxg4 26. Qg2 Re8 27. Qxg4 Nd8 28.
Rg1 Rg6 29. Qe2 Kh7 30. Bb2 Nf7 31. Rxg6 Nxg6 32. Rg1 Qd7 33. Qh5 Nfh8 34. Bxg7
Qxg7 35. f5 Re5 36. fxg6+ Nxg6 37. Qg4 Rg5 38. Qxe4 Rxg1+ 39. Kxg1 Qa1+ 40. Kg2
Qxa2+ 41. Kh3 Qf2 42. Qf3 Qxf3+ 43. Bxf3 b6 44. Be4 Kg7 45. Bxg6 Kxg6 46. Kg4 a5
47. Kf4 Kf6 48. Ke4 Ke6 49. Kd4 h5 50. e4 h4 51. h3 Kd7 52. Kd5 Kc7 53. Ke6 Kc6
54. Ke7 Kc7 55. Ke8 Kc8 56. Ke7 Kc7 1/2-1/2

[Event "Xtracon Chess Open 2019"]
[Site "Helsingor DEN"]
[Date "2019.07.21"]
[Round "3.132"]
[White "Lalla, Karol"]
[Black "Taksrud, Vidar"]
[Result "0-1"]
[WhiteElo "1534"]
[BlackElo "1942"]
[WhiteFideId "12947407"]
[BlackFideId "1502158"]
[EventDate "2019.07.20"]

1. d4 Nf6 2. f4 d5 3. Nf3 e6 4. e3 Nbd7 5. Bd3 c5 6. c3 Be7 7. O-O Ne4 8. Bd2 c4
9. Bxe4 dxe4 10. Ne5 Nb6 11. Qe2 Qd5 12. Be1 f6 13. Ng4 O-O 14. Bh4 Bd7 15. Nd2
Rae8 16. Nf2 f5 17. Bxe7 Rxe7 18. b3 Rc8 19. b4 Na4 20. Nb1 Kh8 21. a3 Nb6 22.
Ra2 Ba4 23. g4 Bb3 24. Rd2 a5 25. g5 g6 26. h4 axb4 27. axb4 Ra8 28. h5 Qb5 29.
Kg2 Nd5 30. hxg6 hxg6 31. Rh1+ Rh7 32. Rxh7+ Kxh7 33. Qf1 Nxe3+ 0-1

[Event "Xtracon Chess Open 2019"]
[Site "Helsingor DEN"]
[Date "2019.07.21"]
[Round "3.134"]
[White "Ben Porat, Tal"]
[Black "Weersing, Abigail Riis"]
[Result "1/2-1/2"]
[WhiteElo "1928"]
[BlackElo "1709"]
[WhiteFideId "2804719"]
[BlackFideId "460036"]
[EventDate "2019.07.20"]

1. e4 e6 2. d4 d5 3. Nd2 dxe4 4. Nxe4 Nd7 5. Nf3 Ngf6 6. Nxf6+ Nxf6 7. c3 Be7 8.
Bd3 O-O 9. Ne5 c5 10. Be3 cxd4 11. Bxd4 Qd5 12. Qf3 Rd8 13. Qxd5 Nxd5 14. Be4 f6
15. Nd3 e5 16. Bc5 Bxc5 17. Nxc5 Nf4 18. g3 Ne6 19. Nxe6 Bxe6 20. b3 Rac8 21. c4
b6 22. Rd1 f5 23. Bg2 e4 24. Ke2 Bf7 25. Ke3 g5 26. f3 exf3 27. Bxf3 Kg7 28.
Rxd8 Rxd8 29. Rd1 Re8+ 30. Kf2 Be6 31. Bc6 Re7 32. Rd8 Kf6 33. Kf3 Ke5 34. Bd5
Bxd5+ 35. Rxd5+ Ke6 36. Rd2 Rf7 37. Rd5 Rf8 38. Rd1 f4 39. Re1+ Kd6 40. Rd1+ Kc6
41. Rd5 h6 42. b4 fxg3+ 43. Kxg3 Rf4 44. b5+ Kc7 45. c5 bxc5 46. Rxc5+ Kb7 47.
Rc6 h5 48. Rc5 Rg4+ 49. Kf3 Kb6 50. Re5 Rg1 51. Kf2 Ra1 52. Rxg5 Rxa2+ 53. Kg3
h4+ 54. Kh3 Ra4 55. Rh5 Rb4 56. Kg2 Rc4 57. Kh3 Rc5 58. Rxh4 Kxb5 59. Rh8 a5 60.
Rb8+ Kc4 61. Ra8 Kb4 62. Kg4 a4 63. h4 a3 64. h5 Ra5 65. Rb8+ Ka4 66. Rb1 a2 67.
Ra1 Kb3 68. h6 Ra8 69. Kg5 Kb2 70. Rxa2+ Kxa2 71. h7 Kb3 72. Kg6 Kc4 73. Kg7 Kd5
74. h8=Q Rxh8 75. Kxh8 1/2-1/2